Repetitive nanosecond all-solid-state pulsers based on SOS diodes; Proceedings of the 11th IEEE International Pulsed Power Conference, Baltimore, MD, 29 june-2 july, 1997; Vol. 2

Bibliographische Detailangaben
Parent link:Proceedings of the 11th IEEE International Pulsed Power Conference, Baltimore, MD, 29 june-2 july, 1997: digest of technical papers.— , 1997
Vol. 2.— 1997.— P. 992-998
Weitere Verfasser: Lyubutin S. K., Mesyats G. A. Gennady Andreyevich, Rukin S. N., Slovikovskii B. G.
Zusammenfassung:В фонде НТБ ТПУ отсутствует
Sprache:Englisch
Veröffentlicht: 1997
Schlagworte:
Format: MixedMaterials Buchkapitel
KOHA link:https://koha.lib.tpu.ru/cgi-bin/koha/opac-detail.pl?biblionumber=596691

MARC

LEADER 00000naa0a2200000 4500
001 596691
005 20250122092842.0
035 |a (RuTPU)RU\TPU\tpu\19673 
090 |a 596691 
100 |a 20110808d1997 k||y0rusy50 ba 
101 0 |a eng 
102 |a US 
200 1 |a Repetitive nanosecond all-solid-state pulsers based on SOS diodes  |f S. K. Lyubutin [et al.] 
333 |a В фонде НТБ ТПУ отсутствует 
461 |t Proceedings of the 11th IEEE International Pulsed Power Conference, Baltimore, MD, 29 june-2 july, 1997  |o digest of technical papers  |d 1997 
463 |t Vol. 2  |v P. 992-998  |d 1997 
610 1 |a труды учёных ТПУ 
701 1 |a Lyubutin  |b S. K. 
701 1 |a Mesyats  |b G. A.  |c russian physicist  |c academican, vice-president of RAS  |c graduate of Tomsk Polytechnic Institute  |f 1936-  |g Gennady Andreyevich  |3 (RuTPU)RU\TPU\pers\28088  |4 070 
701 1 |a Rukin  |b S. N. 
701 1 |a Slovikovskii  |b B. G. 
801 1 |a RU  |b 63413507  |c 20110808 
801 2 |a RU  |b 63413507  |c 20110928  |g RCR 
942 |c BK